000
00265nam a2200097Ia 4500
001
654837
005
20250826154525.0
008
250824s9999 xx 000 0 und d
245
0
_a
KURTULUŞUN KAHRAMANLARI 20 CASUS MEHMET
_c
İSMAİL BİLGİN
260
_b
TİMAŞ ÇOCUK
999
_c
654837
_d
654837